[Event "Madrid ch Veteranos  2019-2020"]
[Site "Maddrid ESP"]
[Date "2020.01.22"]
[Round "8.7"]
[White "Martin Rodriguez, Emilio"]
[Black "Viñas Lopez, Carlos"]
[Result "1-0"]
[WhiteElo "2026"]
[BlackElo "1860"]
[PlyCount "193"]
[EventDate "2020.01.13"]
[EventType "swiss"]
[EventRounds "9"]
[EventCountry "ESP"]
[SourceTitle "Ajedrez en Madrid"]
[Source "lmi"]
[SourceDate "2020.01.13"]
[SourceVersion "1"]
[SourceVersionDate "2020.01.27"]
[SourceQuality "1"]

1. d4 Nf6 2. c4 e6 3. Nf3 Bb4+ 4. Nbd2 a5 5. a3 Bxd2+ 6. Bxd2 b6 7. g3 Bb7 8.
Bg2 O-O 9. O-O d6 10. Bg5 Nbd7 11. Re1 h6 12. Bc1 Be4 13. b3 Qc8 14. Bb2 Qb7
15. Bf1 b5 16. Bc3 b4 17. axb4 axb4 18. Rxa8 Rxa8 19. Ba1 Ra2 20. Nd2 Bc2 21.
Qc1 d5 22. Bb2 Bg6 23. Bg2 Nb6 24. f3 c6 25. e4 Nbd7 26. Bf1 Kh7 27. Bd3 Kg8
28. Bb1 Ra8 29. Re2 Qb6 30. Kg2 Bh7 31. h3 Qb8 32. Qe1 Qc7 33. Nf1 Qb8 34. c5
Ra7 35. Bc1 Rb7 36. Bd2 Qa7 37. Bf4 Qa1 38. exd5 Qxb1 39. dxc6 Qxe1 40. Rxe1
Ra7 41. cxd7 Nxd7 42. Rc1 Kf8 43. c6 Nb6 44. Bd6+ Ke8 45. Bxb4 Ra2+ 46. Kg1 Rc2
47. Rxc2 Bxc2 48. Ba5 Nd5 49. Nd2 Ke7 50. Kf2 Kd6 51. c7 Nxc7 52. Nc4+ Kc6 53.
Ne5+ Kb7 54. Bxc7 Kxc7 55. Nxf7 Bxb3 56. Ke3 Bc2 57. h4 Kd7 58. Ne5+ Ke7 59.
Nd3 Kf6 60. g4 Bd1 61. Nf2 Bc2 62. Ne4+ Kf7 63. Kf4 Bd1 64. Kg3 Bc2 65. Nc3 Kf6
66. f4 Bd3 67. Kf3 Bc2 68. Ke3 Bb3 69. Ne4+ Kg6 70. Ng3 Bd1 71. Ne2 Kf6 72. Kd2
Bb3 73. Nc3 Bc4 74. Ne4+ Ke7 75. Ke3 Bb3 76. g5 hxg5 77. hxg5 Bd1 78. Nc3 Bg4
79. Ke4 Kd6 80. Nb5+ Kc6 81. Na3 Be2 82. Ke5 Kd7 83. Nc2 Bd3 84. Ne3 Bb1 85. f5
exf5 86. Nxf5 g6 87. Nh4 Ke7 88. d5 Kd7 89. Nf3 Bc2 90. Nd4 Bd3 91. Ne6 Bc2 92.
Nc5+ Kd8 93. Kd6 Bf5 94. Ne6+ Kc8 95. Ke7 Bc2 96. d6 Ba4 97. Nf8 1-0

[Event "Madrid ch Veteranos  2019-2020"]
[Site "Maddrid ESP"]
[Date "2020.01.22"]
[Round "8.8"]
[White "Serrano Baylin, Francisco"]
[Black "Garcia Martin, Esteban"]
[Result "1/2-1/2"]
[WhiteElo "1956"]
[BlackElo "1856"]
[PlyCount "99"]
[EventDate "2020.01.13"]
[EventType "swiss"]
[EventRounds "9"]
[EventCountry "ESP"]
[SourceTitle "Ajedrez en Madrid"]
[Source "lmi"]
[SourceDate "2020.01.13"]
[SourceVersion "1"]
[SourceVersionDate "2020.01.27"]
[SourceQuality "1"]

1. c4 e5 2. g3 Nf6 3. Bg2 d5 4. cxd5 Nxd5 5. d3 Nc6 6. Nf3 Be7 7. O-O O-O 8.
Nc3 Nb6 9. a3 Be6 10. b4 f6 11. Be3 Nd5 12. Nxd5 Bxd5 13. Rc1 Nd4 14. Bxd4 exd4
15. Qc2 a5 16. Qb2 axb4 17. axb4 Ra2 18. Qxd4 Rxe2 19. b5 Ba3 20. Rce1 Bb2 21.
Qb4 Rfe8 22. Rb1 Be5 23. d4 Bd6 24. Qc3 b6 25. Nh4 Bxg2 26. Nxg2 Qd7 27. Ne3
Qe6 28. Ra1 h5 29. Qd3 Rb2 30. Nc4 Rb4 31. Nxd6 Qxd6 32. Qg6 Rd8 33. Qxh5 Rxd4
34. Rfe1 Qd7 35. Qe2 Rd5 36. Rab1 Kf8 37. Qc4 Rc5 38. Qb3 Qf7 39. Qf3 Qd5 40.
Qe2 Qd7 41. Qe4 Re8 42. Qxe8+ Qxe8 43. Rxe8+ Kxe8 44. h4 Kf7 45. Rb4 f5 46. Kg2
Kf6 47. Kf3 Ke5 48. Ke3 g6 49. Kd3 Rd5+ 50. Kc3 1/2-1/2

[Event "Madrid ch Veteranos  2019-2020"]
[Site "Maddrid ESP"]
[Date "2020.01.22"]
[Round "8.10"]
[White "Marin Aso, Jose Luis"]
[Black "De Paz Nistal, Santiago"]
[Result "1/2-1/2"]
[WhiteElo "1907"]
[BlackElo "1920"]
[PlyCount "41"]
[EventDate "2020.01.13"]
[EventType "swiss"]
[EventRounds "9"]
[EventCountry "ESP"]
[SourceTitle "Ajedrez en Madrid"]
[Source "lmi"]
[SourceDate "2020.01.13"]
[SourceVersion "1"]
[SourceVersionDate "2020.01.27"]
[SourceQuality "1"]

1. c4 Nf6 2. Nc3 e6 3. e4 c5 4. e5 Ng8 5. Nf3 Nc6 6. d4 cxd4 7. Nxd4 Nxe5 8.
Ndb5 d6 9. Ne4 Nf6 10. Nexd6+ Bxd6 11. Qxd6 Qxd6 12. Nxd6+ Ke7 13. Nxc8+ Rhxc8
14. b3 Rd8 15. Ba3+ Ke8 16. Rd1 Rxd1+ 17. Kxd1 Rd8+ 18. Kc1 Nd3+ 19. Bxd3 Rxd3
20. Kc2 Rd7 21. Re1 1/2-1/2

[Event "Madrid ch Veteranos  2019-2020"]
[Site "Maddrid ESP"]
[Date "2020.01.22"]
[Round "8.11"]
[White "Vukotic Jovsic, Dragan"]
[Black "Lozano Sanchez, Jose Antonio"]
[Result "0-1"]
[WhiteElo "1918"]
[BlackElo "1812"]
[PlyCount "92"]
[EventDate "2020.01.13"]
[EventType "swiss"]
[EventRounds "9"]
[EventCountry "ESP"]
[SourceTitle "Ajedrez en Madrid"]
[Source "lmi"]
[SourceDate "2020.01.13"]
[SourceVersion "1"]
[SourceVersionDate "2020.01.27"]
[SourceQuality "1"]

1. d4 d5 2. Nf3 Nf6 3. c4 c6 4. Nc3 e6 5. Bg5 h6 6. Bh4 Be7 7. e3 Nbd7 8. Rc1
Nh5 9. Bxe7 Qxe7 10. Ne5 Nhf6 11. Bd3 dxc4 12. Bxc4 Nxe5 13. dxe5 Nd5 14. O-O
Nxc3 15. Rxc3 b6 16. Bd3 Bb7 17. Be4 c5 18. Bc2 O-O 19. Rd3 Qg5 20. e4 Bxe4 21.
Rg3 Bxc2 22. Qxc2 Qxe5 23. f4 Qd4+ 24. Kh1 Rfd8 25. f5 exf5 26. Qxf5 Rd7 27.
Rg4 Qd3 28. Qf6 g6 29. h4 h5 30. Rg5 Rf8 31. b3 Rd6 32. Qf4 Rd4 33. Qf2 Rxh4+
34. Qxh4 Qxf1+ 35. Kh2 Qd1 36. Qe4 Qd6+ 37. Kh3 Rd8 38. Rg3 Kh7 39. Re3 Qd4 40.
Qf3 Rd7 41. g3 Kg7 42. a4 Qd1 43. Qxd1 Rxd1 44. Re7 Rd3 45. Rxa7 Rxb3 46. Rb7
Rb4 0-1

[Event "Madrid ch Veteranos  2019-2020"]
[Site "Maddrid ESP"]
[Date "2020.01.22"]
[Round "8.12"]
[White "Chidichimo, Pedro Jose Maria"]
[Black "Esteban Amo, Jose M."]
[Result "0-1"]
[WhiteElo "1802"]
[BlackElo "1905"]
[PlyCount "118"]
[EventDate "2020.01.13"]
[EventType "swiss"]
[EventRounds "9"]
[EventCountry "ESP"]
[SourceTitle "Ajedrez en Madrid"]
[Source "lmi"]
[SourceDate "2020.01.13"]
[SourceVersion "1"]
[SourceVersionDate "2020.01.27"]
[SourceQuality "1"]

1. d4 f5 2. Nc3 Nf6 3. Bg5 e6 4. e4 fxe4 5. Bxf6 Qxf6 6. Nxe4 Qh6 7. Bd3 Be7 8.
Qf3 Nc6 9. c3 b6 10. Qg3 O-O 11. Qxc7 Bh4 12. Nf3 Qe3+ 13. Be2 Qxe4 14. Nxh4
Qxh4 15. O-O Qf4 16. Qxf4 Rxf4 17. Bf3 Bb7 18. Rfe1 Na5 19. Bxb7 Nxb7 20. Re5
Rf5 21. Re3 Nd6 22. b3 b5 23. g4 Rf4 24. f3 b4 25. d5 exd5 26. Rd1 bxc3 27.
Rxc3 Rc8 28. Rxc8+ Nxc8 29. Rxd5 Rf7 30. Kf2 Kf8 31. Rc5 Nb6 32. a4 d6 33. Rc6
Rd7 34. Ke2 Nd5 35. Kd2 Ke7 36. Rc4 g5 37. Rd4 Ke6 38. b4 h6 39. b5 Nf6 40. f4
d5 41. fxg5 hxg5 42. h3 Ne4+ 43. Ke2 Ke5 44. Rb4 Rc7 45. a5 Rb7 46. b6 axb6 47.
a6 Ra7 48. Rxb6 Nc5 49. Rc6 Nxa6 50. h4 gxh4 51. Rh6 Nc5 52. Rh5+ Ke4 53. Rxh4
Ra2+ 54. Kd1 Kf4 55. Rh5 Ne4 56. Kc1 d4 57. Rd5 Ke3 58. g5 d3 59. g6 d2+ 0-1

[Event "Madrid ch Veteranos  2019-2020"]
[Site "Maddrid ESP"]
[Date "2020.01.22"]
[Round "8.13"]
[White "Garcia Galeote, Lorenzo"]
[Black "Hernandez Gutierrez, Jose"]
[Result "1/2-1/2"]
[WhiteElo "1901"]
[BlackElo "1785"]
[PlyCount "80"]
[EventDate "2020.01.13"]
[EventType "swiss"]
[EventRounds "9"]
[EventCountry "ESP"]
[SourceTitle "Ajedrez en Madrid"]
[Source "lmi"]
[SourceDate "2020.01.13"]
[SourceVersion "1"]
[SourceVersionDate "2020.01.27"]
[SourceQuality "1"]

1. d4 d5 2. Nf3 Nf6 3. b3 Bf5 4. Bb2 e6 5. e3 Bd6 6. Be2 O-O 7. O-O Nbd7 8. Ne5
c6 9. f4 h6 10. Nd2 Rc8 11. Bd3 Qe7 12. g4 Bxd3 13. cxd3 c5 14. g5 hxg5 15.
fxg5 Nh7 16. h4 cxd4 17. exd4 Nxg5 18. hxg5 Qxg5+ 19. Qg4 Qxg4+ 20. Nxg4 Rc2
21. Bc1 Bb4 22. Nf3 f6 23. Ne3 Re2 24. Rf2 Rxf2 25. Kxf2 Kf7 26. Bb2 Nb8 27. a3
Bd6 28. a4 Rc8 29. Ba3 Bxa3 30. Rxa3 a5 31. Ke2 g5 32. Ra2 Kg6 33. Rc2 Rxc2+
34. Nxc2 Nc6 35. Ke3 Kh5 36. Nh2 Kh4 37. Kf3 f5 38. Nf1 Kh3 39. Ng3 Kh4 40. Ne2
Kh3 1/2-1/2

[Event "Madrid ch Veteranos  2019-2020"]
[Site "Maddrid ESP"]
[Date "2020.01.22"]
[Round "8.14"]
[White "Sanchez Peral, Pedro"]
[Black "Gonzalez-Ruano Perez, Cesar"]
[Result "1-0"]
[WhiteElo "1818"]
[BlackElo "1837"]
[PlyCount "69"]
[EventDate "2020.01.13"]
[EventType "swiss"]
[EventRounds "9"]
[EventCountry "ESP"]
[SourceTitle "Ajedrez en Madrid"]
[Source "lmi"]
[SourceDate "2020.01.13"]
[SourceVersion "1"]
[SourceVersionDate "2020.01.27"]
[SourceQuality "1"]

1. e4 d6 2. d4 Nf6 3. Nc3 Nbd7 4. f4 e5 5. Nf3 c6 6. Bc4 d5 7. dxe5 dxc4 8.
exf6 Nxf6 9. Qxd8+ Kxd8 10. Ne5 Kc7 11. Nxf7 Rg8 12. Bd2 b5 13. e5 Nd5 14.
Nxd5+ cxd5 15. O-O-O Bg4 16. Rde1 h6 17. h3 Be6 18. Nxh6 gxh6 19. g4 d4 20. f5
Bd5 21. Rhg1 c3 22. bxc3 Ba3+ 23. Kb1 dxc3 24. Be3 Rgc8 25. Rd1 Bf3 26. Rd3 Kb7
27. Bf4 Rc4 28. Bc1 Bc5 29. Rg3 Rb4+ 30. Ka1 Be4 31. Rd7+ Kc6 32. Rxc3 Kxd7 33.
Rxc5 Rc8 34. e6+ Kd8 35. e7+ 1-0

[Event "Madrid ch Veteranos  2019-2020"]
[Site "Maddrid ESP"]
[Date "2020.01.22"]
[Round "8.15"]
[White "Sotoca Aguado, Jose"]
[Black "Minguela Munoz, Bienvenido"]
[Result "0-1"]
[WhiteElo "1905"]
[BlackElo "1808"]
[PlyCount "84"]
[EventDate "2020.01.13"]
[EventType "swiss"]
[EventRounds "9"]
[EventCountry "ESP"]
[SourceTitle "Ajedrez en Madrid"]
[Source "lmi"]
[SourceDate "2020.01.13"]
[SourceVersion "1"]
[SourceVersionDate "2020.01.27"]
[SourceQuality "1"]

1. e4 c5 2. Nf3 Nc6 3. d4 cxd4 4. Nxd4 Nf6 5. Nc3 a6 6. Be2 e5 7. Nf5 d6 8. Ng3
Be6 9. Bg5 Be7 10. Bxf6 Bxf6 11. Nd5 Qa5+ 12. c3 Bxd5 13. Qxd5 Qxd5 14. exd5
Ne7 15. Ne4 O-O-O 16. c4 Ng6 17. O-O Be7 18. Bg4+ Kb8 19. g3 h5 20. Bf5 Nf8 21.
Rfd1 g6 22. Bh3 f5 23. Nc3 Rc8 24. Bf1 Nd7 25. b4 h4 26. a4 hxg3 27. fxg3 e4
28. Ra2 Ne5 29. h3 Nxc4 30. Ne2 Ne3 31. Rb1 Nxf1 32. Rxf1 Rxh3 33. Kf2 Bf6 34.
Rd1 Be5 35. b5 axb5 36. axb5 Rc5 37. Kg2 Rh6 38. Rb1 g5 39. b6 f4 40. gxf4 gxf4
41. Nxf4 Bxf4 42. Rba1 Rh2+ 0-1

[Event "Madrid ch Veteranos  2019-2020"]
[Site "Maddrid ESP"]
[Date "2020.01.22"]
[Round "8.16"]
[White "Barahona Torrijos, Angel"]
[Black "Fernandez Garcia, Ignacio"]
[Result "0-1"]
[WhiteElo "1857"]
[BlackElo "1770"]
[PlyCount "78"]
[EventDate "2020.01.13"]
[EventType "swiss"]
[EventRounds "9"]
[EventCountry "ESP"]
[SourceTitle "Ajedrez en Madrid"]
[Source "lmi"]
[SourceDate "2020.01.13"]
[SourceVersion "1"]
[SourceVersionDate "2020.01.27"]
[SourceQuality "1"]

1. e4 d6 2. Nf3 Bg4 3. Bc4 Nf6 4. e5 d5 5. exf6 dxc4 6. fxg7 Bxg7 7. Qe2 Qd5 8.
Nc3 Bxc3 9. dxc3 Nc6 10. Bf4 O-O-O 11. h3 Bxf3 12. Qxf3 Qxf3 13. gxf3 Rhg8 14.
Ke2 e5 15. Bg3 f5 16. b4 Rd5 17. Rad1 Rgd8 18. Rxd5 Rxd5 19. f4 e4 20. Bh4 b6
21. Rg1 Rd7 22. Rg8+ Kb7 23. Rf8 Rd5 24. Rf7 h5 25. Bf6 a5 26. a3 axb4 27. axb4
Kc8 28. Be5 Nxe5 29. Rxf5 Nd3 30. Rf8+ Kb7 31. cxd3 exd3+ 32. Kd2 Rd7 33. Re8
Rf7 34. Re4 b5 35. Ke3 Kb6 36. Rd4 Kc6 37. Kf3 Rd7 38. Ke3 Rxd4 39. cxd4 Kd5
0-1

[Event "Madrid ch Veteranos  2019-2020"]
[Site "Maddrid ESP"]
[Date "2020.01.22"]
[Round "8.17"]
[White "Lopez Orellana, Federico"]
[Black "Garcia Herranz, Jesus"]
[Result "0-1"]
[WhiteElo "1714"]
[BlackElo "1853"]
[PlyCount "76"]
[EventDate "2020.01.13"]
[EventType "swiss"]
[EventRounds "9"]
[EventCountry "ESP"]
[SourceTitle "Ajedrez en Madrid"]
[Source "lmi"]
[SourceDate "2020.01.13"]
[SourceVersion "1"]
[SourceVersionDate "2020.01.27"]
[SourceQuality "1"]

1. f4 d5 2. b3 Nf6 3. Bb2 c5 4. e3 Nc6 5. Nf3 g6 6. Be2 d4 7. exd4 Nxd4 8. Nxd4
cxd4 9. Bb5+ Bd7 10. Qe2 a6 11. Bxd7+ Qxd7 12. O-O Bg7 13. Na3 b5 14. Rae1 e6
15. f5 gxf5 16. Rxf5 O-O 17. Rg5 Kh8 18. Qe5 Ne8 19. Qe4 Rd8 20. Rh5 Nf6 21.
Qh4 Nxh5 22. Qxh5 Qd5 23. Qh4 Rg8 24. Rf1 f6 25. c4 dxc3 26. Bxc3 e5 27. Nc2
Rdf8 28. Ne3 Qb7 29. Rf3 Bh6 30. Qf2 Bxe3 31. dxe3 Qe7 32. Qh4 Rc8 33. Bb4 Rc1+
34. Kf2 Rc2+ 35. Kf1 Qe6 36. Rxf6 Qd5 37. Rf3 Qd1+ 38. Be1 Qe2+ 0-1

[Event "Madrid ch Veteranos  2019-2020"]
[Site "Maddrid ESP"]
[Date "2020.01.22"]
[Round "8.19"]
[White "Garcia Sanz, Eduardo"]
[Black "Ortiz Landeira, Jose Antonio"]
[Result "1-0"]
[WhiteElo "1815"]
[BlackElo "1760"]
[PlyCount "83"]
[EventDate "2020.01.13"]
[EventType "swiss"]
[EventRounds "9"]
[EventCountry "ESP"]
[SourceTitle "Ajedrez en Madrid"]
[Source "lmi"]
[SourceDate "2020.01.13"]
[SourceVersion "1"]
[SourceVersionDate "2020.01.27"]
[SourceQuality "1"]

1. c4 c5 2. Nc3 Nc6 3. g3 g6 4. Bg2 Bg7 5. e4 d6 6. Nge2 Bg4 7. h3 Bxe2 8. Nxe2
Rb8 9. a3 e6 10. Rb1 Nge7 11. b4 cxb4 12. axb4 a6 13. d4 b6 14. d5 exd5 15.
cxd5 Ne5 16. Bb2 O-O 17. f4 Nd7 18. Bxg7 Kxg7 19. O-O b5 20. Ra1 Qb6+ 21. Qd4+
Qxd4+ 22. Nxd4 Rb6 23. Rfc1 Nb8 24. Rc7 Re8 25. g4 Kf8 26. Rac1 Rd8 27. Ra7 Rd7
28. Rcc7 Rxc7 29. Rxc7 Ke8 30. e5 Nd7 31. Nc6 Nxc6 32. dxc6 Nb8 33. exd6 Kd8
34. Bd5 a5 35. bxa5 Ra6 36. Rxf7 Nxc6 37. Be6 Ke8 38. Rxh7 Kf8 39. f5 gxf5 40.
gxf5 Ra7 41. d7 Nd8 42. Rh8+ 1-0

[Event "Madrid ch Veteranos  2019-2020"]
[Site "Maddrid ESP"]
[Date "2020.01.22"]
[Round "8.22"]
[White "Villodre Miranda, Juan Alonso"]
[Black "Hernandez Recio, Roberto"]
[Result "0-1"]
[WhiteElo "1567"]
[BlackElo "1846"]
[PlyCount "56"]
[EventDate "2020.01.13"]
[EventType "swiss"]
[EventRounds "9"]
[EventCountry "ESP"]
[SourceTitle "Ajedrez en Madrid"]
[Source "lmi"]
[SourceDate "2020.01.13"]
[SourceVersion "1"]
[SourceVersionDate "2020.01.27"]
[SourceQuality "1"]

1. c4 f5 2. d4 Nf6 3. Nc3 e6 4. e3 d5 5. b3 c6 6. g3 Bb4 7. Bd2 Qe7 8. c5 e5 9.
Nge2 exd4 10. exd4 f4 11. gxf4 Bg4 12. Qc2 g6 13. a3 Bf5 14. Qb2 Bxc3 15. Qxc3
O-O 16. Be3 Ne4 17. Qb2 Qf6 18. Ra2 Nd7 19. Ng3 Rae8 20. Nxf5 Qxf5 21. Kd1 b6
22. h4 bxc5 23. Bh3 Qh5+ 24. Kc1 Qf3 25. Rh2 Ndf6 26. Bg2 Qg4 27. f3 Qg3 28.
Rh3 Qe1+ 0-1

[Event "Madrid ch Veteranos  2019-2020"]
[Site "Maddrid ESP"]
[Date "2020.01.22"]
[Round "8.23"]
[White "Barragan Panal, Juan Jose"]
[Black "Martinez Miura, Enrique"]
[Result "1/2-1/2"]
[WhiteElo "1679"]
[BlackElo "1561"]
[PlyCount "55"]
[EventDate "2020.01.13"]
[EventType "swiss"]
[EventRounds "9"]
[EventCountry "ESP"]
[SourceTitle "Ajedrez en Madrid"]
[Source "lmi"]
[SourceDate "2020.01.13"]
[SourceVersion "1"]
[SourceVersionDate "2020.01.27"]
[SourceQuality "1"]

1. d4 d5 2. c4 e6 3. Nf3 Nf6 4. g3 Be7 5. Bg2 O-O 6. O-O c6 7. Nc3 b6 8. Ne5
Bb7 9. Bf4 Nbd7 10. cxd5 cxd5 11. Rc1 Nxe5 12. Bxe5 Nd7 13. Bf4 Rc8 14. Nb5
Rxc1 15. Qxc1 a6 16. Bc7 Qa8 17. Nd6 Bxd6 18. Bxd6 Rc8 19. Qd2 Rc6 20. Bf4 Qc8
21. Rc1 a5 22. Rxc6 Qxc6 23. Qc3 Qxc3 24. bxc3 Ba6 25. e4 Bc4 26. a3 b5 27. Bc7
a4 28. f3 1/2-1/2

[Event "Madrid ch Veteranos  2019-2020"]
[Site "Maddrid ESP"]
[Date "2020.01.22"]
[Round "8.24"]
[White "Bellagamba, Pascal"]
[Black "Prieto Gonzalez, Cesar"]
[Result "0-1"]
[WhiteElo "1635"]
[BlackElo "1480"]
[PlyCount "62"]
[EventDate "2020.01.13"]
[EventType "swiss"]
[EventRounds "9"]
[EventCountry "ESP"]
[SourceTitle "Ajedrez en Madrid"]
[Source "lmi"]
[SourceDate "2020.01.13"]
[SourceVersion "1"]
[SourceVersionDate "2020.01.27"]
[SourceQuality "1"]

1. e4 e5 2. Nc3 Nf6 3. Bc4 d6 4. d3 Nbd7 5. Nge2 c6 6. O-O b5 7. Bb3 Nc5 8. Bd2
Nxb3 9. axb3 Be6 10. Ng3 g6 11. Ra6 Qc7 12. Bg5 Bg7 13. Qc1 Bc8 14. Ra1 a5 15.
f4 Ng4 16. Qd2 f6 17. Bh4 O-O 18. Nh1 h6 19. g3 Qb6+ 20. Nf2 Nxf2 21. Rxf2 g5
22. fxg5 fxg5 23. Raf1 Bh3 24. Bxg5 Bxf1 25. Bxh6 Qxf2+ 26. Qxf2 Rxf2 27. Kxf2
Bh3 28. Bxg7 Kxg7 29. Ke3 Kf7 30. Ne2 Kg6 31. Ng1 Bd7 0-1

[Event "Madrid ch Veteranos  2019-2020"]
[Site "Maddrid ESP"]
[Date "2020.01.22"]
[Round "8.25"]
[White "Martinez Martinez, Javier II"]
[Black "Nevado Muñoz, Rafael"]
[Result "1/2-1/2"]
[WhiteElo "1572"]
[BlackElo "1467"]
[PlyCount "140"]
[EventDate "2020.01.13"]
[EventType "swiss"]
[EventRounds "9"]
[EventCountry "ESP"]
[SourceTitle "Ajedrez en Madrid"]
[Source "lmi"]
[SourceDate "2020.01.13"]
[SourceVersion "1"]
[SourceVersionDate "2020.01.27"]
[SourceQuality "1"]

1. d4 d5 2. Nf3 Nc6 3. e3 Nf6 4. Bd3 Bg4 5. h3 Bxf3 6. Qxf3 e5 7. Bb5 e4 8.
Bxc6+ bxc6 9. Qe2 Bb4+ 10. Bd2 a5 11. c4 O-O 12. Bxb4 axb4 13. c5 Qd7 14. Nd2
g6 15. O-O Kh8 16. b3 Nh5 17. Rfd1 f5 18. f4 Rg8 19. Nf1 Nf6 20. Qe1 Rab8 21.
a4 bxa3 22. Rxa3 Rb5 23. Rda1 Rgb8 24. Rb1 Ng8 25. Nh2 Qg7 26. g4 Ne7 27. g5
Kg8 28. Rb2 Kf7 29. Ra7 R8b7 30. Rxb7 Rxb7 31. Qa5 Qh8 32. Qd2 Ke6 33. Qd1 h5
34. h4 Kd7 35. Nf1 Rb5 36. Qa1 Qb8 37. Qa3 Nc8 38. Nd2 Qa7 39. Qxa7 Nxa7 40.
Ra2 Rb7 41. Kf2 Nc8 42. Ra4 Ra7 43. Ke2 Rb7 44. Ra8 Ra7 45. Rxa7 Nxa7 46. Nf1
Nc8 47. Kd2 Ne7 48. Kc3 Kc8 49. Kb4 Kb7 50. Ka5 Ka7 51. Nd2 Kb7 52. b4 Nc8 53.
Nf1 Ne7 54. Nd2 Nc8 55. Ka4 Ne7 56. Nb3 Ka7 57. Na1 Kb7 58. Nc2 Nc8 59. Na3 Ka6
60. b5+ cxb5+ 61. Nxb5 c6 62. Nc7+ Kb7 63. Ne6 Ne7 64. Nd8+ Kc8 65. Nf7 Kc7 66.
Ka5 Kb7 67. Ne5 Ka7 68. Nf7 Kb7 69. Ne5 Ka7 70. Nd7 Kb7 1/2-1/2

[Event "Madrid ch Veteranos  2019-2020"]
[Site "Maddrid ESP"]
[Date "2020.01.22"]
[Round "8.27"]
[White "Menendez Domens, Juan Manuel"]
[Black "Cruz Gonzalez, Antonio"]
[Result "1/2-1/2"]
[WhiteElo "1439"]
[BlackElo "1737"]
[PlyCount "69"]
[EventDate "2020.01.13"]
[EventType "swiss"]
[EventRounds "9"]
[EventCountry "ESP"]
[SourceTitle "Ajedrez en Madrid"]
[Source "lmi"]
[SourceDate "2020.01.13"]
[SourceVersion "1"]
[SourceVersionDate "2020.01.27"]
[SourceQuality "1"]

1. Nf3 d6 2. c4 g6 3. g3 Bg7 4. Bg2 c6 5. Qb3 Nf6 6. d3 Nbd7 7. d4 O-O 8. O-O
c5 9. e3 Rb8 10. Nc3 a6 11. a4 b5 12. cxb5 axb5 13. axb5 Qb6 14. Rd1 Bb7 15. d5
Ne8 16. e4 Nc7 17. Bf1 Ba6 18. Na4 Qb7 19. b6 Nxb6 20. Nxb6 Bxf1 21. Kxf1 Qxb6
22. Qxb6 Rxb6 23. Ra7 Rc8 24. Ra2 Nb5 25. Nd2 c4 26. Nb1 c3 27. bxc3 Bxc3 28.
Be3 Rbb8 29. Rc1 Bg7 30. Rac2 Rxc2 31. Rxc2 Nd4 32. Rc1 h5 33. Nd2 Nb3 34. Nxb3
Rxb3 35. Rc8+ 1/2-1/2

[Event "Madrid ch Veteranos  2019-2020"]
[Site "Maddrid ESP"]
[Date "2020.01.22"]
[Round "8.28"]
[White "Navarro Corredor, Angel"]
[Black "Calderon Martin, Antonio"]
[Result "0-1"]
[WhiteElo "1346"]
[BlackElo "1614"]
[PlyCount "60"]
[EventDate "2020.01.13"]
[EventType "swiss"]
[EventRounds "9"]
[EventCountry "ESP"]
[SourceTitle "Ajedrez en Madrid"]
[Source "lmi"]
[SourceDate "2020.01.13"]
[SourceVersion "1"]
[SourceVersionDate "2020.01.27"]
[SourceQuality "1"]

1. Nf3 d5 2. b3 Nf6 3. Bb2 e6 4. e3 g6 5. Be2 Bg7 6. Ba3 b6 7. O-O c5 8. Bb2
O-O 9. c4 dxc4 10. Bxc4 Ba6 11. Na3 Bxc4 12. Nxc4 Nc6 13. d4 cxd4 14. Nxd4 Nxd4
15. Bxd4 Rc8 16. Rc1 Nd5 17. a3 Bxd4 18. Qxd4 Nf6 19. Qxd8 Rfxd8 20. Rfd1 Rd5
21. Kf1 Rdc5 22. Ra1 Nd5 23. Rd3 b5 24. Nd2 Rc1+ 25. Rxc1 Rxc1+ 26. Ke2 Ra1 27.
b4 Rc1 28. Kf3 Rc2 29. e4 Rc3 30. Ke2 Nf4+ 0-1

[Event "Madrid ch Veteranos  2019-2020"]
[Site "Maddrid ESP"]
[Date "2020.01.22"]
[Round "8.29"]
[White "Martinez Pintor, Juan"]
[Black "Lopez Guitian, Juan J."]
[Result "1-0"]
[WhiteElo "1577"]
[BlackElo "1509"]
[PlyCount "65"]
[EventDate "2020.01.13"]
[EventType "swiss"]
[EventRounds "9"]
[EventCountry "ESP"]
[SourceTitle "Ajedrez en Madrid"]
[Source "lmi"]
[SourceDate "2020.01.13"]
[SourceVersion "1"]
[SourceVersionDate "2020.01.27"]
[SourceQuality "1"]

1. d4 Nf6 2. Nf3 d5 3. e3 Bf5 4. Bd3 e6 5. Bxf5 exf5 6. Qd3 g6 7. O-O c6 8. c4
Bg7 9. Bd2 O-O 10. Bb4 Re8 11. Nc3 Nbd7 12. cxd5 Nxd5 13. Nxd5 cxd5 14. Bd6 Qb6
15. Bg3 Rac8 16. Qd2 a5 17. Rac1 Rc6 18. Rxc6 bxc6 19. b3 Nf6 20. Qc2 h5 21.
Be5 Ne4 22. Bxg7 Kxg7 23. Ne5 Rc8 24. Rc1 Qd8 25. Qd1 Qh4 26. g3 Qg5 27. Rxc6
Qd8 28. Qc1 Nd6 29. Qc5 Rxc6 30. Nxc6 Qc7 31. Qxd5 a4 32. bxa4 Ne4 33. Qe5+ 1-0

[Event "Madrid ch Veteranos  2019-2020"]
[Site "Maddrid ESP"]
[Date "2020.01.22"]
[Round "8.30"]
[White "Ramos Antona, Enrique"]
[Black "Perez Ramos, Miguel Angel"]
[Result "0-1"]
[WhiteElo "1493"]
[BlackElo "1122"]
[PlyCount "78"]
[EventDate "2020.01.13"]
[EventType "swiss"]
[EventRounds "9"]
[EventCountry "ESP"]
[SourceTitle "Ajedrez en Madrid"]
[Source "lmi"]
[SourceDate "2020.01.13"]
[SourceVersion "1"]
[SourceVersionDate "2020.01.27"]
[SourceQuality "1"]

1. d4 d5 2. c4 Nf6 3. Nc3 e6 4. Nf3 Nc6 5. b3 a6 6. g3 Be7 7. Bg2 b6 8. O-O Bb7
9. Bb2 h6 10. e3 Na7 11. Ne5 Bd6 12. Ng4 Qe7 13. Rb1 c6 14. Qe2 Bc8 15. Rfc1 e5
16. Nxf6+ Qxf6 17. cxd5 Bb7 18. Ne4 Qe7 19. Nxd6+ Qxd6 20. dxe5 Qg6 21. d6 O-O
22. Rc4 Qxb1+ 23. Rc1 Qg6 24. Rc4 Rad8 25. Rg4 Qe6 26. Bh3 Qe8 27. e6 g5 28. e7
Bc8 29. Rd4 Bxh3 30. g4 Qd7 31. f3 Nb5 32. Rd3 Nxd6 33. exf8=Q+ Rxf8 34. Be5
Qe8 35. Bxd6 h5 36. Qd1 hxg4 37. Bxf8 gxf3 38. Rd8 Qxe3+ 39. Kh1 Bg2# 0-1

[Event "Madrid ch Veteranos  2019-2020"]
[Site "Maddrid ESP"]
[Date "2020.01.22"]
[Round "8.31"]
[White "Suarez Mencia, Roberto"]
[Black "Beekhof Harmsen, Willen"]
[Result "1-0"]
[WhiteElo "1387"]
[BlackElo "1470"]
[PlyCount "67"]
[EventDate "2020.01.13"]
[EventType "swiss"]
[EventRounds "9"]
[EventCountry "ESP"]
[SourceTitle "Ajedrez en Madrid"]
[Source "lmi"]
[SourceDate "2020.01.13"]
[SourceVersion "1"]
[SourceVersionDate "2020.01.27"]
[SourceQuality "1"]

1. c4 e5 2. g3 c6 3. Bg2 Nf6 4. e3 Be7 5. Nc3 Na6 6. Nge2 Nb4 7. d4 d5 8. dxe5
Ne4 9. cxd5 Nxc3 10. Nxc3 cxd5 11. O-O Nc6 12. Nxd5 Nxe5 13. f4 Bg4 14. Nxe7
Qxe7 15. Qb3 Nc6 16. f5 Be2 17. Rf2 Na5 18. Qc3 Rc8 19. Qxa5 b6 20. Qe1 Bd3 21.
e4 O-O 22. Bd2 f6 23. Qe3 Qd6 24. Bc3 Rfe8 25. Rd1 Red8 26. e5 Qc5 27. Rxd3
Qxe3 28. Rxe3 Rd1+ 29. Rf1 Rxf1+ 30. Kxf1 fxe5 31. Rxe5 Rf8 32. Bd5+ Kh8 33.
Re7 Rxf5+ 34. Ke2 1-0